000 00543nam a2200181 i 4500
001 44623
003 ES-MaACL
005 20230906161051.0
007 t|
008 030321s1973 sp ||||1| spa d
100 1 _aCleverley, Graham.
_939245
245 1 0 _aEmpresarios y magia /
_cGraham Cleberley ; [traducción de Eduardo Mallorquí].
250 _a[1ª ed.].
260 _a[Barcelona] :
_bPlaza & Janés,
_c[1973]
300 _a243 p. :
_bil. ;
_c20 cm.
700 1 _aMallorquí, Eduardo.
_975827
852 _aES-MaACL
_jC-53967
_bR.86734
999 _c44623
_d44623